Fruit and Vegetable Flowers by Picture - Statistics

General Stats
  • This quiz has been taken 34 times
    22 since last reset
  • The average score is 7 of 12
Answer Stats
Picture Hint Answer % Correct
Keeps doctor away Apple
95%
Don't put this on your pizza! Pineapple
79%
Used to make pies for Thanksgiving Pumpkin
79%
Is it a vegetable or a fruit? Tomato
74%
The colour is named after the fruit and not the other way Orange
68%
A symbol of love, used widely to make jams, ice creams and cakes Strawberry
68%
Comes in purple and white colours Eggplant
58%
Caused the mass Irish emigration Potato
58%
A certain company owned plantations of this fruit as big as countries Banana
47%
Comes in many different colours Capsicum
32%
Red fruit with a crown Pomegranate
21%
Vegetable which looks like certain body parts Ladies' finger
11%
No matching quizzes found
Score Distribution
Percent of People with Each Score
Percentile by Number Answered
Your Score History
You have not taken this quiz since the last reset